书目信息 |
| 题名: |
有机合成
|
|
| 作者: | 富尔霍普 , 李 编 ;张书圣 译 | |
| 分册: | ||
| 出版信息: | 北京 化学工业出版社 2006 |
|
| 页数: | 445页 | |
| 开本: | 26cm | |
| 丛书名: | 国外优秀化学著作译丛 | |
| 单 册: | ||
| 中图分类: | O621.3 | |
| 科图分类: | ||
| 主题词: | 有机合成 | |
| 电子资源: | ||
| ISBN: | 7-5025-8150-2 | |
| 000 | 01024nam0 2200313 450 | |
| 001 | 0100000631 | |
| 005 | 20061121113605.10 | |
| 010 | @a7-5025-8150-2@dCNY 68.00 | |
| 100 | @a20060518d2006 ekmy0chiy0121 ea | |
| 101 | 0 | @achi |
| 102 | @aCN@b110000 | |
| 105 | @aa a 001yy | |
| 200 | 1 | @a有机合成@Ayou ji ge cheng @e概念与方法@Egai nian yu fang fa @f富尔霍普,李编@Ffu er huo pu,li bian@g张书圣等译 |
| 210 | @a北京@c化学工业出版社@d2006 | |
| 215 | @a445页@d26cm | |
| 225 | 2 | @a国外优秀化学著作译丛@Aguo wai you xiu hua xue zhuo zuo yi cong |
| 305 | @a据原书第3版译出 | |
| 320 | @a有书目和索引 | |
| 330 | @a全书共10章,内容覆盖合成化学的各个研究领域,主要内容包括炭链的组成等。 | |
| 410 | 0 | @12001 @a国外优秀化学著作译丛 |
| 517 | 1 | @a概念与方法@Agai nian yu fang fa |
| 606 | 0 | @a有机合成 |
| 690 | @aO621.3@v4 | |
| 701 | 0 | @a富尔霍普@Afu er huo pu @4编 |
| 701 | 0 | @a李@Ali @4编 |
| 702 | 0 | @a张书圣@Azhang shu sheng @4译 |
| 801 | @aCN@c20061121 | |
| 905 | @a10447@dO621.3@eF990 | |
| 999 | @acx@end1p | |
| 有机合成:概念与方法/富尔霍普,李编/张书圣等译.-北京:化学工业出版社,2006 |
| 445页;26cm.-(国外优秀化学著作译丛) |
| ISBN 7-5025-8150-2:CNY 68.00 |
| 全书共10章,内容覆盖合成化学的各个研究领域,主要内容包括炭链的组成等。 |
| ● |
| 相关链接 |
|
|
|
正题名:有机合成
索取号:O621.3/F990
 
预约/预借
| 序号 | 登录号 | 条形码 | 馆藏地/架位号 | 状态 | 备注 |
| 1 | 613046 | 206130462 | 自科二线504/504自科库 50排1列1层/ [索取号:O621.3/F990] | 在馆 | |
| 2 | 613047 | 206130471 | 自科二线504/504自科库 50排1列1层/ [索取号:O621.3/F990] | 在馆 | |
| 3 | 613048 | 206130480 | 自科二线504/504自科库 50排1列1层/ [索取号:O621.3/F990] | 在馆 |